{"text_format":"3","workbook":"xlsx","n_sheets":2,"sheets":["Inventurliste","Stammdaten"],"not_rendered":{"defined_names":2},"read":"whole","date_system":"1900"}

{"sheet":"Inventurliste","index":0,"n_rows":40,"n_cols":14,"rows_kept":40,"merged":[[0,0,0,6],[0,7,0,13],[3,0,3,5],[3,7,3,13],[4,0,4,1],[4,2,4,5],[4,7,4,10],[4,11,4,13],[5,0,5,1],[5,2,5,5],[5,7,5,10],[5,11,5,13],[6,0,6,1],[6,2,6,5],[6,7,6,10],[6,11,6,13],[7,0,7,1],[7,2,7,5],[7,7,7,10],[7,11,7,13],[8,0,8,1],[8,2,8,5],[8,7,8,10],[8,11,8,13],[31,1,31,5],[33,0,33,13],[34,0,34,13],[35,0,35,13],[36,0,36,13],[37,0,37,13],[39,0,39,13]]}
["MUSTER GMBH",{"$nulls":6},"INVENTURLISTE  ·  2026"]
[]
[]
["Kopfdaten der Inventur",{"$nulls":6},"Kennzahlen (automatisch)"]
["Unternehmen",null,"Meridian Kontor GmbH",{"$nulls":4},"Positionen gesamt",{"$nulls":3},{"$f":"COUNT(A12:A31)","v":20}]
["Anschrift",null,"Hansaring 42 · 28195 Bremen",{"$nulls":4},"Gesamtmenge (Ist)",{"$nulls":3},{"$f":"SUM(H12:H31)","v":948}]
["Inventurstichtag",null,"2026-12-31",{"$nulls":4},"Inventarwert gesamt",{"$nulls":3},{"$f":"SUM(K12:K31)","v":{"v":45718.9,"d":"45,718.90 €"}}]
["Verantwortlich",null,"M. Bergmann   (geprüft: S. Kowalski)",{"$nulls":4},"Positionen mit Differenz",{"$nulls":3},{"$f":"COUNTIF(I12:I31,\"<>0\")","v":5}]
["Blatt-Nr.",null,"1 von 1",{"$nulls":4},"Zählstatus",{"$nulls":3},"abgeschlossen"]
[]
["Pos.-Nr.","Artikelnummer","Artikelbezeichnung","Kategorie","Standort","Einheit","Menge Soll","Menge Ist","Differenz","Einzelwert (€)","Gesamtwert (€)","Zustand","Anschaffungsdatum","Bemerkung"]
[1,"ART-1001","Notebook 14 Zoll","IT & Technik","Büro 1. OG","Stück",12,12,{"$f":"H12-G12","v":0},{"v":899,"d":"899.00 €"},{"$f":"H12*J12","v":{"v":10788,"d":"10,788.00 €"}},"Neu","2025-03-15"]
[2,"ART-1002","Monitor 27 Zoll","IT & Technik","Büro EG","Stück",18,17,-1,{"v":219,"d":"219.00 €"},{"v":3723,"d":"3,723.00 €"},"Gut","2025-01-22","1 Gerät in Reparatur"]
[3,"ART-1003","Bürostuhl ergonomisch","Mobiliar","Büro EG","Stück",24,24,0,{"v":189,"d":"189.00 €"},{"v":4536,"d":"4,536.00 €"},"Gut","2024-11-10"]
[4,"ART-1004","Schreibtisch höhenverstellbar","Mobiliar","Büro 1. OG","Stück",20,20,0,{"v":349,"d":"349.00 €"},{"v":6980,"d":"6,980.00 €"},"Neu","2026-02-05"]
[5,"ART-1005","Aktenschrank abschließbar","Mobiliar","Archiv","Stück",8,8,0,{"v":259,"d":"259.00 €"},{"v":2072,"d":"2,072.00 €"},"Gebraucht","2023-09-18"]
[6,"ART-1006","Druckerpapier A4 (500 Blatt)","Verbrauchsmaterial","Lager A","Packung",150,146,-4,{"v":4.9,"d":"4.90 €"},{"v":715.4000000000001,"d":"715.40 €"},"Neu","2026-06-03","Entnahme vor Zählung"]
[7,"ART-1007","Tonerkartusche schwarz","Verbrauchsmaterial","Lager A","Stück",40,42,2,{"v":62.5,"d":"62.50 €"},{"v":2625,"d":"2,625.00 €"},"Neu","2026-05-12","Nachlieferung erfasst"]
[8,"ART-1008","Akku-Bohrschrauber","Werkzeug","Werkstatt","Stück",10,9,-1,{"v":129,"d":"129.00 €"},{"v":1161,"d":"1,161.00 €"},"Gut","2024-08-27"]
[9,"ART-1009","Werkzeugkoffer-Set","Werkzeug","Werkstatt","Set",6,6,0,{"v":89.9,"d":"89.90 €"},{"v":539.4000000000001,"d":"539.40 €"},"Gut","2025-04-14"]
[10,"ART-1010","Kabeltrommel 25 m","Werkzeug","Werkstatt","Stück",15,15,0,{"v":34.9,"d":"34.90 €"},{"v":523.5,"d":"523.50 €"},"Gebraucht","2024-07-30"]
[11,"ART-1011","Faltkarton 400×300×300","Lagerware","Lager B","Karton",500,500,0,{"v":1.15,"d":"1.15 €"},{"v":575,"d":"575.00 €"},"Neu","2026-01-09"]
[12,"ART-1012","Europalette Sortiment","Lagerware","Lager B","Palette",24,23,-1,{"v":210,"d":"210.00 €"},{"v":4830,"d":"4,830.00 €"},"Gut","2026-02-20","1 Palette beschädigt"]
[13,"ART-1013","Reinigungskonzentrat","Verbrauchsmaterial","Lager A","Liter",80,80,0,{"v":6.8,"d":"6.80 €"},{"v":544,"d":"544.00 €"},"Neu","2026-06-16"]
[14,"ART-1014","Etikettendrucker","IT & Technik","Lager A","Stück",4,4,0,{"v":279,"d":"279.00 €"},{"v":1116,"d":"1,116.00 €"},"Neu","2026-03-11"]
[15,"ART-1015","Beamer Full-HD","IT & Technik","Büro 1. OG","Stück",3,3,0,{"v":549,"d":"549.00 €"},{"v":1647,"d":"1,647.00 €"},"Gut","2024-10-08"]
[16,"ART-1016","Besprechungstisch","Mobiliar","Büro 1. OG","Stück",2,2,0,{"v":640,"d":"640.00 €"},{"v":1280,"d":"1,280.00 €"},"Neu","2026-02-04"]
[17,"ART-1017","Feuerlöscher 6 kg","Büroausstattung","Büro EG","Stück",12,12,0,{"v":49,"d":"49.00 €"},{"v":588,"d":"588.00 €"},"Gut","2025-01-25","Prüfung fällig 2027"]
[18,"ART-1018","Erste-Hilfe-Koffer","Büroausstattung","Werkstatt","Stück",6,6,0,{"v":32,"d":"32.00 €"},{"v":192,"d":"192.00 €"},"Neu","2026-05-19"]
[19,"ART-1019","Netzwerk-Switch 24-Port","IT & Technik","Archiv","Stück",5,5,0,{"v":145,"d":"145.00 €"},{"v":725,"d":"725.00 €"},"Gut","2024-12-07"]
[20,"ART-1020","Stehleuchte LED","Büroausstattung","Büro EG","Stück",14,14,0,{"v":39.9,"d":"39.90 €"},{"v":558.6,"d":"558.60 €"},"Neu","2026-04-21"]
["Σ","Summe / Gesamtbestand",{"$nulls":4},{"$f":"SUM(G12:G31)","v":953},{"$f":"SUM(H12:H31)","v":948},{"$f":"SUM(I12:I31)","v":-5},null,{"$f":"SUM(K12:K31)","v":{"v":45718.9,"d":"45,718.90 €"}}]
[]
["Legende & Hinweise"]
["•  Blau/fett dargestellte Spalten (Differenz, Gesamtwert, Kennzahlen) werden automatisch berechnet – bitte nicht überschreiben."]
["•  „Menge Soll“ = Buchbestand laut System, „Menge Ist“ = tatsächlich gezählter Bestand. Die Differenz zeigt Fehlbestände (rot) und Überbestände (grün)."]
["•  Kategorie, Standort, Einheit und Zustand werden über Dropdown-Menüs erfasst; die Auswahlwerte lassen sich im Tabellenblatt „Stammdaten“ pflegen."]
["•  Alle Einträge sind Beispieldaten zur Veranschaulichung und können vollständig ersetzt werden."]
[]
["Meridian Kontor GmbH · Inventurliste Geschäftsjahr 2026 · erstellt am 27.08.2026 · Seite 1 von 1"]

{"sheet":"Stammdaten","index":1,"n_rows":11,"n_cols":7,"rows_kept":11,"merged":[[0,0,0,6],[1,0,1,6]]}
["Stammdaten – Auswahllisten der Inventurliste"]
["Diese Werte speisen die Dropdown-Menüs der Inventurliste. Einträge können ergänzt oder angepasst werden – die Auswahllisten aktualisieren sich automatisch."]
[]
["Kategorien",null,"Standorte",null,"Einheiten",null,"Zustände"]
["Büroausstattung",null,"Lager A",null,"Stück",null,"Neu"]
["IT & Technik",null,"Lager B",null,"Karton",null,"Gut"]
["Mobiliar",null,"Büro EG",null,"Palette",null,"Gebraucht"]
["Werkzeug",null,"Büro 1. OG",null,"Set",null,"Reparatur"]
["Verbrauchsmaterial",null,"Werkstatt",null,"Packung",null,"Defekt"]
["Lagerware",null,"Archiv",null,"Liter"]
[{"$nulls":4},"Meter"]